Escritos poéticos

Gardado en:
Detalles Bibliográficos
Autor Principal: Parada Allende, Renato (autor)
Formato: Libro
Idioma:Lingua castelá
Publicado: Santa Cruz de la Sierra Alejandra Parada Escribano 2010
Edición:1a. ed
Subjects:
Tags: Engadir etiqueta
Sen Etiquetas, Sexa o primeiro en etiquetar este rexistro!

MARC

LEADER 00000cam a2200000 a 4500
001 UCE7429
003 CL-VaPUC
008 150612e20100000bo |||||||||||||||||spa|d
082 0 4 |a Ch861  |b PAR  |2 21 
100 |a Parada Allende, Renato  |e autor  |9 580103 
245 1 0 |a Escritos poéticos 
250 |a 1a. ed 
300 |a 92 p 
942 |c BK 
945 |d 20150612 13:50:00  |a dcastane 
260 |a Santa Cruz de la Sierra  |b Alejandra Parada Escribano  |c 2010 
650 0 |a Poesías chilenas   |9 265280 
650 0 |a Literatura chilena   |9 308278 
583 |a last modification  |c 20150619 03:11:02  |k Rodrigo Vera 
999 |c 359524  |d 359522 
952 |0 0  |1 0  |3 erd  |4 0  |6 CH_861_000000000000000_PAR_2010  |7 0  |8 A  |9 468728  |a BIBARQ  |b BIBARQ  |i 5163749  |o Ch861 PAR 2010  |p 5163749  |r 2025-01-20  |w 2019-11-23  |y BK  |z Catalogado en:20150612  |k ARQ